=LDR 00000nam 2200000 4500 =001 INLIS000000000050553 =005 20250210015412 =035 ##$$a 0010-0517000206 =007 ta =008 250210################g##########0#ind## =020 ##$$a 978-602-73059-0-8 =082 ##$$a R. 297.092 =084 ##$$a R. 297.092 ASS b =100 #$$a ASSadhan, Syaikh Al-Fadhil Abdul Aziz bin Muh =245 1#$$a Biografi Syaikh Bin Baz /$c Syaikh Al-Fadhil Abdul Aziz bin Muhammad As-Sadhan, Penerjemah ; Nugraha Waluyo =260 ##$$a Depok :$b Pustaka Khazanah Fawa'id,$c 2016 =300 ##$$a xiii, 158 hlm ; $c 20 x 15 cm =650 #4$$a Islam - Biografi Syaikh Bin Baz =250 ##$$a Cet. 2 =700 #$$a Nugraha Waluyo =504 ##$$a Bibliografi hlm. 155-158 =990 ##$$a 31701350 =990 ##$$a 31701349